Unix bible / (Record no. 3721)
[ view plain ]
| 000 -LEADER | |
|---|---|
| fixed length control field | 00775nam a22002412 4500 |
| 001 - CONTROL NUMBER | |
| control field | 0000013584 |
| 005 - DATE AND TIME OF LATEST TRANSACTION | |
| control field | 20151217145902.0 |
| 008 - FIXED-LENGTH DATA ELEMENTS--GENERAL INFORMATION | |
| fixed length control field | 090928s xx 000 0 eng d |
| 020 ## - INTERNATIONAL STANDARD BOOK NUMBER | |
| International Standard Book Number | 0764546872 : |
| 040 ## - CATALOGING SOURCE | |
| Original cataloging agency | KABU |
| Transcribing agency | KABU |
| 100 1# - MAIN ENTRY--PERSONAL NAME | |
| Personal name | Lepage, Yves. |
| -- | 0000171037 |
| 245 10 - TITLE STATEMENT | |
| Title | Unix bible / |
| Statement of responsibility, etc. | Yves Lepage and Paul Iarrera. |
| 250 ## - EDITION STATEMENT | |
| Edition statement | 2nd ed. |
| 260 ## - PUBLICATION, DISTRIBUTION, ETC. (IMPRINT) | |
| Place of publication, distribution, etc. | Chicago : |
| Name of publisher, distributor, etc. | IDG Books, |
| Date of publication, distribution, etc. | 2000. |
| 300 ## - PHYSICAL DESCRIPTION | |
| Extent | xxxiii, 750 p. + |
| Accompanying material | 2 CD-ROM. |
| 650 #0 - SUBJECT ADDED ENTRY--TOPICAL TERM | |
| Topical term or geographic name as entry element | UNIX (Computer file) |
| -- | 0000154651 |
| 650 #0 - SUBJECT ADDED ENTRY--TOPICAL TERM | |
| Topical term or geographic name as entry element | Operating systems (Computers) |
| -- | 0000146540 |
| 700 1# - ADDED ENTRY--PERSONAL NAME | |
| Personal name | Iarrera, Paul. |
| -- | 0000171038 |
| 852 1# - LOCATION | |
| -- | p3586 KES |
| 852 1# - LOCATION | |
| -- | p3638.70 KES |
| 908 ## - PUT COMMAND PARAMETER (RLIN) | |
| Put command parameter | 090928 |
| 950 ## - LOCAL HOLDINGS (RLIN) | |
| -- | 1 |
| Withdrawn status | Lost status | Source of classification or shelving scheme | Not for loan | Home library | Current library | Date acquired | Total Checkouts | Full call number | Barcode | Date last seen | Date last checked out | Price effective from | Koha item type |
|---|---|---|---|---|---|---|---|---|---|---|---|---|---|
| Library of Congress Classification | Kabarak, Main Campus | Kabarak, Main Campus | 17/12/2015 | 2 | QA76.76 .O63U55 2000 c. 1 | 18175 | 13/06/2022 | 28/05/2022 | 17/12/2015 | General Collection | |||
| Library of Congress Classification | Kabarak, Main Campus | Kabarak, Main Campus | 17/12/2015 | 1 | QA76.76 .O63U55 2000 c. 2 | 23589 | 01/02/2019 | 23/01/2019 | 17/12/2015 | General Collection |